书目信息 |
| 题名: |
建筑发包承包规定
|
|
| 作者: | ;中国法制出版社 编 | |
| 分册: | ||
| 出版信息: | 北京 中国法制出版社 2003.07 |
|
| 页数: | 145页 | |
| 开本: | 20cm | |
| 丛书名: | 公平之剑丛书 | |
| 单 册: | ||
| 中图分类: | D922.297.9 | |
| 科图分类: | ||
| 主题词: | 建筑业--jian zhu ye--法规--汇编--中国 | |
| 电子资源: | ||
| ISBN: | 7-80182-139-4 | |
| 000 | 00885nam 2200241 450 | |
| 001 | 010261106619 | |
| 005 | 20051012105531.21 | |
| 010 | @a7-80182-139-4@dCNY8.00 | |
| 100 | @a20050619d2003 km y0chiy0120 ea | |
| 101 | 0 | @achi |
| 102 | @aCN@b110000 | |
| 105 | @ay z 000yy | |
| 200 | 1 | @a建筑发包承包规定@Ajian zhu fa bao cheng bao gui ding@f中国法制出版社编@Fzhong guo fa zhi chu ban she bian |
| 210 | @a北京@c中国法制出版社@d2003.07 | |
| 215 | @a145页@d20cm | |
| 225 | 2 | @a公平之剑丛书@Agong ping zhi jian cong shu |
| 330 | @a本书分别概括了中华人民共和国建筑法,建设工程质量管理条例,建筑工程施工发包与承包价格管理暂行规定等内容。 | |
| 410 | 0 | @12001 @a公平之剑丛书 |
| 606 | 0 | @a建筑业@Ajian zhu ye@x法规@j汇编@y中国 |
| 690 | @aD922.297.9@v4 | |
| 711 | 02 | @a中国法制出版社@Azhong guo fa zhi chu ban she@4编 |
| 801 | 0 | @aCN@bQSSK@c20051012 |
| 905 | @a10447@dD922.297.9@eZ494 | |
| 建筑发包承包规定/中国法制出版社编.-北京:中国法制出版社,2003.07 |
| 145页;20cm.-(公平之剑丛书) |
| ISBN 7-80182-139-4:CNY8.00 |
| 本书分别概括了中华人民共和国建筑法,建设工程质量管理条例,建筑工程施工发包与承包价格管理暂行规定等内容。 |
| ● |
| 相关链接 |
|
|
|
正题名:建筑发包承包规定
索取号:D922.297.9/Z494
 
预约/预借
| 序号 | 登录号 | 条形码 | 馆藏地/架位号 | 状态 | 备注 |
| 1 | 565614 | 205656146 | 社科库509/509社科库 89排2列3层/ [索取号:D922.297.9/Z494] | 在馆 | |
| 2 | 565615 | 205656155 | 社科库509/509社科库 89排2列3层/ [索取号:D922.297.9/Z494] | 在馆 | |
| 3 | 565616 | 205656164 | 社科库509/509社科库 89排2列3层/ [索取号:D922.297.9/Z494] | 在馆 |